000 00798nam a2200241Ia 4500
003 OSt
005 20220923213058.0
006 a|||||r|||| 00| 0
007 ta
008 220922b |||||||| |||| 00| 0 hin d
024 _a158,785
037 _cTextual
040 _aARTS
_cARTS
_bhin
041 _2hin
_ahin
082 _aO152,1:g(S:55), K1
100 _aरांगेय राघव
245 0 _aआधुनिक हिन्दी कविता में प्रेम और श्रृंगार
246 _aĀdhunik hindī kavitā mean prem aur shrṛuangāra
260 _c1958
650 _aहिन्दी साहित्य
_9156264
942 _hO152,1:g(S:55), K1
_cTEXL
_2CC
999 _c313532
_d313532